Štatistické riadenie kvality. Plány výberového skúmania. Systematické náhodné vyberanie
Vyberanie ako integrálna súčasť štatistického riadenia kvality. Tri rozličné prístupy k výberovému skúmaniu - prístup založený na pláne výberového skúmania, prístup založený na modeli a prístup s asistenciou modelu. Podstata jednoduchého náhodného vyberania - plány výberového skúmania. Systematické...
Gespeichert in:
| 1. Verfasser: | |
|---|---|
| Format: | Buchkapitel |
| Sprache: | Slowakisch |
| Schlagworte: | |
| Tags: |
Keine Tags, Fügen Sie das erste Tag hinzu!
|
MARC
| LEADER | 00000nla$a2200000$$$4500 | ||
|---|---|---|---|
| 001 | 0091839 | ||
| 005 | 20240613073849.9 | ||
| 041 | 0 | |a slo | |
| 044 | |a SK | ||
| 245 | 1 | 0 | |a Štatistické riadenie kvality. Plány výberového skúmania. Systematické náhodné vyberanie |c Ľubica Hrnčiarová |
| 520 | |a Vyberanie ako integrálna súčasť štatistického riadenia kvality. Tri rozličné prístupy k výberovému skúmaniu - prístup založený na pláne výberového skúmania, prístup založený na modeli a prístup s asistenciou modelu. Podstata jednoduchého náhodného vyberania - plány výberového skúmania. Systematické náhodné vyberanie. Odhad strednej hodnoty a úhrn základného súboru. Intervaly spoľahlivosti pre strednú hodnotu a úhrn v konečnom základnom súbore. Stanovenie rozsahu výberu. Praktický príklad systematického vyberania. | ||
| 610 | 2 | 0 | |a štatistika |
| 610 | 2 | 0 | |a riadenie kvality |
| 610 | 2 | 0 | |a výrobky |
| 610 | 2 | 0 | |a hodnota |
| 610 | 2 | 0 | |a odhady |
| 610 | 2 | 0 | |a plán |
| 100 | 1 | |a Hrnčiarová, Ľubica | |